Online Catalogue and eLibrary

Human rights of women : (Record no. 530)

MARC details
000 -LEADER
fixed length control field 00701cam a2200229 a 4500
001 - CONTROL NUMBER
control field 4906246
005 - DATE AND TIME OF LATEST TRANSACTION
control field 20240303234932.0
008 - FIXED-LENGTH DATA ELEMENTS--GENERAL INFORMATION
fixed length control field 940523s1994 pau b 001 0 eng
020 ## - INTERNATIONAL STANDARD BOOK NUMBER
ISBN 0812232615 (cloth : acidfree paper)
020 ## - INTERNATIONAL STANDARD BOOK NUMBER
ISBN 0812215389 (pbk. : acidfree paper)
040 ## - CATALOGING SOURCE (பட்டியலாக்க மூலம்)
Original cataloging agency DLC
Transcribing agency DLC
Modifying agency DLC
082 00 - DDC Classification
Class No. 323,334.
DDC Edition Number 20
Item Number - Author Mark HUM.
245 00 - TITLE STATEMENT
Title Human rights of women :
Remainder of title national and international perspectives /
Statement of responsibility, etc. edited by Rebecca J. Cook.
260 ## - PUBLICATION, DISTRIBUTION, ETC.
Place of publication, distribution, etc. Philadelphia :
Name of publisher, distributor, etc. University of Pennsylvania Press,
Date of publication, distribution, etc. 1994.
300 ## - PHYSICAL DESCRIPTION
Extent (e.g. Volumes, Pages etc.) xiv, 634 p. ;
650 #0 - SUBJECT ADDED ENTRY--TOPICAL TERM
Topical term or geographic name entry element Women
650 #0 - SUBJECT ADDED ENTRY--TOPICAL TERM
Topical term or geographic name entry element Women's rights.
650 #0 - SUBJECT ADDED ENTRY--TOPICAL TERM
Topical term or geographic name entry element Human rights.
650 #0 - SUBJECT ADDED ENTRY--TOPICAL TERM
Topical term or geographic name entry element Feminism.
700 1# - ADDED ENTRY--PERSONAL NAME
Personal name Cook, Rebecca J.
Relator term (Role) Editor
942 ## - Koha item type (Biblio)
Koha item type Books in Stacks (Lending)
Holdings
Lost status Damaged status Collection code Home library Current library Date acquired Full call number Accession Number Item type
    Lending WERC Library WERC Library 03/04/2024 323,334. HUM. 4014 Books in Stacks (Lending)

© WERC Library